Codice civile con le disposizioni di attuazione e transitorie / (Record no. 45004)

MARC details
000 -LEADER
campo de control de longitud fija 00731nam a2200205 i 4500
001 - NÚMERO DE CONTROL
campo de control 45004
003 - IDENTIFICADOR DE NÚMERO DE CONTROL
campo de control ES-MaACL
005 - FECHA Y HORA DE LA ÚLTIMA TRANSACCIÓN
campo de control 20230906161132.0
007 - CAMPO FIJO DE DESCRIPCIÓN FÍSICA--INFORMACIÓN GENERAL
campo de control de longitud fija t|
008 - DATOS DE LONGITUD FIJA--INFORMACIÓN GENERAL
campo de control de longitud fija 030324s1948 it ||||1| ita d
245 00 - MENCIÓN DEL TÍTULO
Título Codice civile con le disposizioni di attuazione e transitorie /
Mención de responsabilidad, etc. appendice de disposizioni legislative dell Italia a cura di G. A. Raffaelli.
250 ## - MENCION DE EDICION
Mención de edición Nuova ed. completamente aggiornata.
260 ## - PUBLICACIÓN, DISTRIBUCIÓN, ETC.
Lugar de publicación, distribución, etc. Milano :
Nombre del editor, distribuidor, etc. Ulrico Hoepli,
Fecha de publicación, distribución, etc. 1948 (
Fabricante Stucchi)
300 ## - DESCRIPCIÓN FÍSICA
Extensión 769 p. ;
Dimensiones 16 cm.
490 1# - MENCIÓN DE SERIE
Mención de serie Manuali Hoepli. Codici e leggi d'Italia
700 1# - ENTRADA AGREGADA--NOMBRE PERSONAL
Nombre de persona Raffaelli, G. A.
9 (RLIN) 94961
830 0# - PUNTO DE ACCESO ADICIONAL DE SERIE-TÍTULO UNIFORME
Título uniforme Manuali Hoepli. Codici e leggi d'Italia
9 (RLIN) 229917
852 ## - LOCALIZACIÓN
Ubicación ES-MaACL
Número de control de estantería E-1240
Sublocalización o colección R.27108
Holdings
Estatus retirado Estado de pérdida Estado de daño No para préstamo Biblioteca de origen Biblioteca actual Ubicación en estantería Fecha de adquisición Fuente de adquisición Total de préstamos Signatura topográfica completa Código de barras Visto por última vez Precio de reemplazo Tipo de ítem Koha
        Biblioteca del Ateneo de Madrid Biblioteca del Ateneo de Madrid Depósito 2 17/01/2008     E-1240 1047364 23/02/2023 23/02/2023 Libro impreso